Dizzy il magnifico (Record n. 99312)

Dettagli MARC
000 -LEADER
fixed length control field 03899njm a2200469Ia 4500
001 - CONTROL NUMBER
control field B5648
003 - CONTROL NUMBER IDENTIFIER
control field IT-RoPAU
005 - DATE AND TIME OF LATEST TRANSACTION
control field 20220918181115.0
008 - FIXED-LENGTH DATA ELEMENTS--GENERAL INFORMATION
fixed length control field 131025s9999 xx 000 0 und d
040 ## - CATALOGING SOURCE
Original cataloging agency IT-RoPAU
040 ## - CATALOGING SOURCE
Transcribing agency IT-RoPAU
999 ## - SYSTEM CONTROL NUMBERS (KOHA)
Koha Dewey Subclass [OBSOLETE] n.d.
100 ## - MAIN ENTRY--PERSONAL NAME
Personal name AA.VV.
9 (RLIN) 794
100 ## - MAIN ENTRY--PERSONAL NAME
Relator term Autore musica
9 (RLIN) 29126
100 ## - MAIN ENTRY--PERSONAL NAME
Miscellaneous information Codice autore musica SPICS: 12000
9 (RLIN) 796
245 ## - TITLE STATEMENT
Title Dizzy il magnifico
250 ## - EDITION STATEMENT
Edition statement 2a ed.
260 ## - PUBLICATION, DISTRIBUTION, ETC. (IMPRINT)
Place of publication, distribution, etc. MILANO
260 ## - PUBLICATION, DISTRIBUTION, ETC. (IMPRINT)
Name of publisher, distributor, etc. RUSCONI
Date of publication, distribution, etc. 1993 [1a Ed.:0]
300 ## - PHYSICAL DESCRIPTION
Extent COMPACT DISC
300 ## - PHYSICAL DESCRIPTION
Dimensions 76 minuti (Testo: 0 pag.)
500 ## - GENERAL NOTE
General note Musica jazz. Cd fuori commercio allegato al n. 3 della rivista "Musica jazz".
505 ## - FORMATTED CONTENTS NOTE
Formatted contents note The Squirrel (4:00) - Good Bait [(New York, giugno-luglio 1949) (4:00)] - Rhumbop Concerto: Relaxin' At Camarillo [(Los Angeles, 31 agosto 1949) (4:00)] - Rhumbop Concerto: Guarachi Guaro [(Los Angeles, 31 agosto 1949) (5:00)] - Groovin' High [(Stoccolma, primavera 1970) (11:00)] - Let Me Outta Here (13:00) - A Night In Tunisia [(Stoccolma, primavera 1970) (13:00)] - Kush [(Londra, 10 giugno 1989) (6:00)] - Tin Tin Deo [(Londra, 10 giugno 1989) (7:00)]
511 ## - PARTICIPANT OR PERFORMER NOTE
Participant or performer note Gillespie Dizzy: tr; Burns Dave: tr; Wright Elmon: tr; Cook Willie: tr; Sheperd Bill: trne; Brown John: alto; Henry Ernie: alto; Moody James: ten; Gayles Joe: ten; Payne Cecil: bar; Foreman James: p; Boyd Nelson: cb; Stewart Teddy: batt; Pozo Chano: perc; Dizzy Gillespie and His Orchestra
511 ## - PARTICIPANT OR PERFORMER NOTE
Participant or performer note Gillespie Dizzy: tr; Harris Benny: tr; Wright Elmon: tr; Cook Willie: tr; Greenlee Charles: trne; Hurt Sam: trne; Johnson J.J.: trne; Brown John: alto; Henry Ernie: alto; Lateef Yusef: ten; Gayles Joe: ten; Gibson Al: bar; Foreman James: p; McKibbon Al: cb; Stewart Teddy: batt; Guerra Vince: perc; Dizzy Gillespie and His Orchestra
511 ## - PARTICIPANT OR PERFORMER NOTE
Participant or performer note Gillespie Dizzy: tr; Harris Benny: tr; Wright Elmon: tr; Cook Willie: tr; Greenlee Charles: trne; Duryea A: trne; Johnson J.J.: trne; Brown John: alto; Henry Ernie: alto; Lateef Yusef: ten; Gayles Joe: ten; Gibson Al: bar; Foreman James: p; McKibbon Al: cb; Stewart Teddy: batt; Guerra Vince: perc; Dizzy Gillespie and His Orchestra
511 ## - PARTICIPANT OR PERFORMER NOTE
Participant or performer note Gillespie Dizzy: tr; Longo Mike: p; Davis George: chit; Mitchell Red: cb; Lee David: batt; Dizzy Gillespie Quintet
511 ## - PARTICIPANT OR PERFORMER NOTE
Participant or performer note Gillespie Dizzy: tr; Roditi Claudio: tr; Sandoval Arturo: tr, flic; Hampton Slide: trne; Turre Steve: trne, b; D'Rivera Paquito: alto, cl; Moody James: alto, ten, fl; Rivera Mario: ten, sop; Perez Danilo: p; Cherry Ed: chit; Lee John: cb; Berroa Ignacio: batt; Hidalgo Giovanni: conga, perc; Moreira Airto: perc; Dizzy Gillespie and The United Nation Orchestra
650 ## - SUBJECT ADDED ENTRY--TOPICAL TERM
Topical term or geographic name as entry element JAZZ [COMPACT DISC]
Relator term Codice MATERIA SPICS: 9949
9 (RLIN) 11822
700 ## - ADDED ENTRY--PERSONAL NAME
Personal name Gillespie Dizzy
Miscellaneous information Codice interprete SPICS: 10777
Relator term Interprete
9 (RLIN) 29127
700 ## - ADDED ENTRY--PERSONAL NAME
Personal name Dameron Tadd
Miscellaneous information Codice autore musica SPICS: 10526
Relator term Autore musica
Name of part/section of a work The Squirrel - Good Bait
9 (RLIN) 29128
700 ## - ADDED ENTRY--PERSONAL NAME
Personal name Basie Count
Miscellaneous information Codice autore SPICS: 10545
Relator term Autore
Name of part/section of a work Good Bait
9 (RLIN) 29129
700 ## - ADDED ENTRY--PERSONAL NAME
Personal name Parker Charlie (B.)
Miscellaneous information Codice autore musica SPICS: 10799
Relator term Autore musica
Name of part/section of a work Rhumbop Concerto: Relaxin' At Camarillo
9 (RLIN) 29130
700 ## - ADDED ENTRY--PERSONAL NAME
Personal name Gillespie Dizzy
Miscellaneous information Codice autore musica SPICS: 10777
Relator term Autore musica
Name of part/section of a work Rhumbop Concerto: Guarachi Guaro - Groovin' High - A Night In Tunisia - Kush - Tin Tin Deo
9 (RLIN) 29131
700 ## - ADDED ENTRY--PERSONAL NAME
Personal name Fuller Gil
Miscellaneous information Codice autore SPICS: 13022
Relator term Autore
Name of part/section of a work Rhumbop Concerto: Guarachi Guaro
9 (RLIN) 29132
700 ## - ADDED ENTRY--PERSONAL NAME
Personal name Longo Mike
Miscellaneous information Codice autore musica SPICS: 38489
Relator term Autore musica
Name of part/section of a work Let Me Outta Here
9 (RLIN) 29133
700 ## - ADDED ENTRY--PERSONAL NAME
Personal name Paparelli Frank
Miscellaneous information Codice autore SPICS: 18047
Relator term Autore
Name of part/section of a work A Night In Tunisia
9 (RLIN) 29134
700 ## - ADDED ENTRY--PERSONAL NAME
Personal name Music Dizlo
Miscellaneous information Codice autore SPICS: 38490
Relator term Autore
Name of part/section of a work Kush
9 (RLIN) 29135
700 ## - ADDED ENTRY--PERSONAL NAME
Personal name Pozo Chano
Miscellaneous information Codice autore SPICS: 38491
Relator term Autore
Name of part/section of a work Tin Tin Deo
9 (RLIN) 29136
700 ## - ADDED ENTRY--PERSONAL NAME
Personal name Music Dizlo
Miscellaneous information Codice autore testo/musica SPICS: 38490
Relator term Autore testo/musica
Name of part/section of a work Tin Tin Deo
9 (RLIN) 29137
942 ## - ADDED ENTRY ELEMENTS (KOHA)
Koha item type CD AUDIO
Source of classification or shelving scheme Dewey Decimal Classification
Dati di copia
Withdrawn status Lost status Damaged status Not for loan Home library Current library Date acquired Total Checkouts Full call number Date last seen Price effective from Koha item type Public note
    Buone Condizioni Not For Loan SPICS-MEDIATECA SPICS-MEDIATECA 25/10/2013   B5648 25/10/2013 25/10/2013 CD AUDIO Progr. Ins.: 773 / N.Vol.: 1 / Copie: 1 - Copia rara: n.d. / date import: 01.01.2014 - By Epidotti, Trombetti, Vaglietti
CREDITS: SOCIETA' SAN PAOLO Via A.Severo, 58 - ROMA (RM) & PERIODICI SAN PAOLO SRL Via Giotto, 36 MILANO & CISF Via Giotto, 36 MILANO & EDIZIONI SAN PAOLO SRL,  Piazza Soncino, 5 CINISELLO BALSAMO (MI) -- ITALY